00555nam a22001577a 450000500170000001000150001702000260003203500140005803700130007208200140008510000220009924501210012126000450024227000650028730000450035220220823120027.0 aENG-134539 a9780199491445c995.00 aEN-118072 bDBAD/PUB a342.54029 aElangovan, Arvind aNorms and Politics:bSir Benegal Narsing Rau in the making of the indian constitution, 1935-50/cby Arvind Elangovan bOxford University Pressc2019aNew Delhi a2/11 Ground floor, Ansari Road, DaryaganjbNew Delhie110002 aix; 261p.bIndex, Bibliographyc22cm(hb)